Normal view
MARC view
- Stefanovic, Margareta, Safonov, Michael G
Entry Personal Name
001 - CONTROL NUMBER
- control field: 68802
003 - CONTROL NUMBER IDENTIFIER
- control field: NUST
005 - DATE AND TIME OF LATEST TRANSACTION
- control field: 20210628204119.0
008 - FIXED-LENGTH DATA ELEMENTS
- fixed length control field: 210628|| aca||aabn | a|a d
040 ## - CATALOGING SOURCE
- Original cataloging agency: NUST
- Transcribing agency: NUST
100 ## - HEADING--PERSONAL NAME
- Personal name: Stefanovic, Margareta, Safonov, Michael G
670 ## - SOURCE DATA FOUND
- Source citation: Work cat.: (NUST): Stefanovic, Margareta, Safonov, Michael G, Safe adaptive control, data-driven stability analysis and robust synthesis, 2011
